Profil Viktora Černomyrdina

Bibliographic Details
Format: Article
Language:Slovak
Subjects:

MARC

LEADER 00000nab a2200000 a 4500
001 vtls000618828
003 SK-MaSNL
005 20260303214212.0
008 160321c1997 xo 0 slo
015 |a SNBRB19rr/mm-uuuuu 
035 |a CL0618967 
040 |a SNKBUCL  |b slo  |c SNKBUCL  |e AACR2 
041 0 |a slo 
044 |a xo  |c SK 
080 |a 32-051(470)  |2 1981 
080 |a 929 Černomyrdin, Viktor  |2 1981 
245 0 0 |a Profil Viktora Černomyrdina 
600 1 7 |a Černomyrdin, Viktor Stepanovič,  |d 1938-2010  |2 snkbucl  |9 237356 
655 7 |a články z novín a časopisov  |2 snkbucl  |9 267496 
773 0 |t Slovenská republika  |g Roč. 5, č. 96 (26. 4. 1997), s. 7 
850 |a Slovenská národná knižnica v Martine  |a MTA001 
852 |a SNK  |b KIS3GCP 
958 |a BC 
958 |a RK 
958 |a RBX 
999 |c 2215867  |d 2217797